Another chance : postwar America, 1945-1968 /

Bibliographic Details
Main Author: Gilbert, James Burkhart
Format: Book
Language:English
Published: Philadelphia : Temple University Press, 1981.
Subjects:

MARC

Tag First Indicator Second Indicator Subfields
LEADER 00000cam a22000008a 4500
001 in00000074149
005 20151008060220.0
008 810528s1981 pauab b 00110 eng
010 |a  81008916  
020 |a 087722224X :  |c $17.95 
035 |a (OCoLC)07573951 
035 |9 AAJ5315AM 
039 0 |a 2  |b 3  |c 3  |d 3  |e 3 
040 |a DLC  |c DLC  |d TXA  |d UtOrBLW 
043 |a n-us--- 
049 |a TXAM  |c [933274] 
050 0 0 |a E741  |b .G54 
082 0 |a 973.92  |2 19 
100 1 |a Gilbert, James Burkhart. 
245 1 0 |a Another chance :  |b postwar America, 1945-1968 /  |c by James Gilbert. 
263 |a 8108 
264 1 |a Philadelphia :  |b Temple University Press,  |c 1981. 
300 |a x, 307 pages :  |b illustrations, maps ;  |c 22 cm. 
336 |a text  |b txt  |2 rdacontent 
337 |a unmediated  |b n  |2 rdamedia 
338 |a volume  |b nc  |2 rdacarrier 
504 |a Includes bibliographical references and index. 
651 0 |a United States  |x History  |y 1945- 
999 |a MARS 
999 f f |s 41b538d0-1028-3d84-b924-460de23304fa  |i 92fb25c0-0f05-3687-94ff-cecd895ac826  |t 0 
952 f f |p normal  |a Texas A&M University  |b College Station  |c Sterling C. Evans Library  |d Evans: Library Stacks  |t 0  |e E741 .G54  |h Library of Congress classification  |i unmediated -- volume  |m A14806107954 
998 f f |a E741 .G54  |t 0  |l Evans: Library Stacks